BIBLIOTECA PODER JUDICIAL
Portal Judicial TDF

Procedimiento administrativo y recurso jerárquico / (Registro nro. 2326)

000 -LEADER
fixed length control field 00578nam a22001817a 4500
003 - CONTROL NUMBER IDENTIFIER
control field OSt
005 - DATE AND TIME OF LATEST TRANSACTION
control field 20190117102905.0
008 - FIXED-LENGTH DATA ELEMENTS--GENERAL INFORMATION
fixed length control field 180221b xxu||||| |||| 00| 0 spa d
040 ## - CATALOGING SOURCE
Transcribing agency PJ
100 ## - ASIENTO PRINCIPAL - NOMBRE DE PERSONA
Personal name Fiorini, Bartolomé A.
9 (RLIN) 337
245 10 - MENCIÓN DE TÍTULO
Título propiamente dicho Procedimiento administrativo y recurso jerárquico /
Mención de responsabilidad, etc Bartolomé A. Fiorini.
250 ## - EDITION STATEMENT
Edition statement 2a. ed. amp. y act.
260 ## - PUBLICATION, DISTRIBUTION, ETC. (IMPRINT)
Place of publication, distribution, etc Buenos Aires :
Name of publisher, distributor, etc Abeledo-Perrot,
Date of publication, distribution, etc 1971.
300 ## - DESCRIPCION FISICA
Extent 171 p.
Dimensions 23 cm.
650 #0 - ASIENTO SECUNDARIO DE MATERIA - TERMINO TEMATICO
9 (RLIN) 211
Topical term or geographic name as entry element DERECHO ADMINISTRATIVO
650 #0 - ASIENTO SECUNDARIO DE MATERIA - TERMINO TEMATICO
9 (RLIN) 1135
Topical term or geographic name as entry element PROCEDIMIENTO ADMINISTRATIVO
942 ## - ADDED ENTRY ELEMENTS (KOHA)
Koha item type Libros
Source of classification or shelving scheme
Classification part 342.924
Item part FIO
Existencias
Withdrawn status Lost status Source of classification or shelving scheme Damaged status Not for loan Permanent Location Current Location Date acquired Full call number Barcode Date last seen Price effective from Koha item type
          Biblioteca Poder Judicial Sur Biblioteca Poder Judicial Sur 2019-01-17 342.924 FIO 1600 2019-01-17 2019-01-17 Libros

12 de Octubre 789 Ushuaia - Tel:  54(02901)441571
Horario de Atención: 8.00 a 17.00 hs. 
bibliotecaush@justierradelfuego.gov.ar
koha@justierradelfuego.gov.ar
Seguinos en nuestras redes @bibliojustdf 

Con tecnología Koha